000 00467nam a2200133Ia 4500
008 100328s9999 xx 000 0 und d
082 _b14244
100 _aकापसे राम
245 _aसावरकरांची निवड भाषणे.
260 _bआर्यभूषण
630 _aसावरकरांची निवड भाषणे.
730 _aसावरकरांची निवड भाषणे.
942 _cBOOK
999 _c509232
_d509229